00357nam a2200145Ia 4500008004100000020001800041040001900059041001200078082002200090245002800112260002500140300002400165650000800189850001400197131103s9999 xx 000 0 und d a0 89542 058 9 aLoreto College aEnglish aREF/LbLCBED/9200 aIdeals best loved poets aU.S.A.bIdealsc1978 a80p.b ill.c 22cm. aREF aLCBED/REF